South African Test Cricket Captain Since 1994 - Statistics

General Stats
  • This quiz has been taken 409 times
  • The average score is 6 of 9
Answer Stats
Hint Answer % Correct
2003-2014 Graeme Smith
96%
2000-2003 Shaun Pollock
92%
2014 Hashim Amla
83%
1994-2000 Hansie Cronje
82%
2005/06/08/09 Jacques Kallis
78%
1997-1998 Gary Kirsten
64%
2001-2003 Mark Boucher
62%
1991-1994 Kepler Wessels
58%
2006 Ashwell Prince
35%
No matching quizzes found
Score Distribution
Percent of People with Each Score
Percentile by Number Answered
Your Score History
You have not taken this quiz